000 01193njm a22002777a 4500
005 20100910153749.0
007 sd ammalaaahaa
008 100901t xxu||||| |||| 00| 0 hin d
028 _aN.55623
_bHis Master's Voice
028 _aOJE.27296
_bHis Master's Voice
035 _aGR-01821
040 _aSED/VEN
100 _917815
_aBhosle, Asha
245 _aLav Kush /
_cby Asha Bhosle, Usha Mangeshkar & Suaman Kalyanpur : music by S. N. Tripathi
_h[sound recording] :
_bHindustani
246 _aलव कुश (आशा भोसले, उषा मंगेशकर & सुमन कल्यानपुर)
260 _aDum Dum, India
_bHis Master's Voice
_c1968
300 _a1 sound disc :
_banalog, 33 1/3 rpm
_c10 in.
500 G _aBrief record
505 _aSide-1Saryu ke nere teere (सरयू के नेरे तीरे), Side-2 More ram suno (मोरे राम सुनो)
650 _aClassical music
_xExcerpts
_zIndia
_917813
700 _918219
_aMangeshkar, Usha
700 _918220
_aKalyanpur, Suman
700 _919343
_aTripathi, S. N.
942 _2ddc
_cGR
999 _c45223
_d45223